Statistics for Which Flag Is This 2

Click here to take the quiz!

General Stats

  • This quiz has been taken 12 times
  • The average score is 14 of 16

Answer Stats

Answer% Correct
Ghana
100%
Iran
100%
Liechtenstein
100%
Cambodia
92%
Paraguay
92%
San Marino
92%
Somalia
92%
Georgia
83%
Haiti
83%
Lesotho
83%
Papua New Guinea
83%
Andorra
75%
Azerbaijan
75%
Nauru
75%
Norway
75%
Taiwan
75%

Score Distribution

Percentile by Number Answered

Percent of People with Each Score

Your Score History

You have not taken this quiz